00443nam a22000977a 4500008004100000010001200041245007900053260000900132500004900141500015500190110614t xxu||||| |||| 00| 0 eng d aSCCAF34 aSupreme Court Civil Application No.04/1991 J.W.R. Kazzora vs M.L,S.Rukuba c1994 aCORAM:Oder, J.S.C., Oder ,JSC., Seation ,JSC aArising from the judgment and decree of the High Court of Uganda Mr.Justice J.P.M. Tabora dated 18/march,1991 in High Court Civil Suit No.320 of 1988